Biggest North American "X" Cities by Picture - Statistics

General Stats
  • This quiz has been taken 8 times
  • The average score is 2 of 16
Answer Stats
Picture Hint Answer % Correct
🇺🇸 26 000 Xenia
75%
🇲🇽 443 000 Xalapa (Xalapa-Enríquez; Jalapa)
38%
🇲🇽 48 000 Xalisco
13%
🇲🇽 12 000 {Xaloz}toc
13%
🇲🇽 7 000 Xalti{anguis}
13%
🇲🇽 384 000 Xico
13%
🇲🇽 22 000 Xico
13%
🇲🇽 24 000 Xoxocotla
13%
🇲🇽 17 000 {Xalatla}co
0%
🇲🇽 14 000 {Xicoh}tzinco
0%
🇲🇽 10 000 {Xicotén}catl
0%
🇲🇽 41 000 {Xicotepec} de Juárez
0%
🇲🇽 7 000 {Xili}tla
0%
🇲🇽 22 000 Xochitepec
0%
🇲🇽 9 000 Xocotla
0%
🇲🇽 23 000 {Xonaca}tlán
0%
No matching quizzes found
Score Distribution
Percent of People with Each Score
Percentile by Number Answered
Your Score History
You have not taken this quiz